000 00644nam a22002177i 4500
003 URS
005 20220114153034.0
008 160525b xxu||||| |||| 00| 0 eng d
020 _a9789719905028
040 _erda
_cURSP-College Library
_beng
050 _bAs8r 2011
100 1 _aAstorga, Jr.,Eriberto R.
245 _aRetorika Masining na Pagpapahayag
_cAstorga, Jr.,Eriberto R.
264 1 _aManila
_bMindshapers Company,Inc.
_c2011.
300 _aix, 175pages
_c25cm
336 _atext
_btxt
_2rdacontent
337 _aunmediated
_bn
_2rdamedia
338 _avolume
_bnc
_2rdacarrier
650 0 _aRhetoric (Filipino text).
942 _2lcc
_cF
999 _c8055
_d8055